Statistics for NFL Opening Week Starting WR 2018

Click here to take the quiz!

General Stats

  • This quiz has been taken 170 times
  • The average score is 38 of 64

Answer Stats

TeamWR#Answer% Correct
SteelersWR1Antonio Brown
96%
WR2John Brown
96%
FalconsWR1Julio Jones
93%
WR2Marvin Jones
93%
WR2Zay Jones
93%
BroncosWR1Demaryius Thomas
92%
SaintsWR1Michael Thomas
92%
TexansWR1DeAndre Hopkins
90%
ChiefsWR1Tyreek Hill
90%
BengalsWR1A.J. Green
88%
GiantsWR1Odell Beckham
88%
WR2Stefon Diggs
86%
RaidersWR1Amari Cooper
85%
PackersWR1Davante Adams
85%
ChargersWR1Keenan Allen
85%
BuccaneersWR1Mike Evans
85%
VikingsWR1Adam Thielen
83%
WR2Chad Williams
82%
CardinalsWR1Larry Fitzgerald
82%
WR2Terrance Williams
82%
ColtsWR1T.Y. Hilton
82%
WR2Tyrell Williams
82%
BrownsWR1Jarvis Landry
79%
BearsWR1Allen Robinson
78%
WR2Emanuel Sanders
72%
WR2Tyler Lockett
72%
RamsWR1Brandin Cooks
69%
WR2JuJu Smith-Schuster
69%
WR2Robert Woods
69%
WR2Sammy Watkins
69%
WR2DeSean Jackson
68%
WR2Randall Cobb
66%
WR2Tyler Boyd
65%
SeahawksWR1Doug Baldwin
63%
LionsWR1Golden Tate
63%
WR2Sterling Shepard
61%
JetsWR1Robby Anderson
58%
TitansWR1Corey Davis
57%
WR2Jordy Nelson
55%
RavensWR1Michael Crabtree
51%
49ersWR1Marquise Goodwin
50%
WR2Mohamed Sanu
50%
BillsWR1Kelvin Benjamin
46%
EaglesWR1Nelson Agholor
45%
WR2Danny Amendola
44%
PatriotsWR1Chris Hogan
40%
WR2Pierre Garcon
40%
WR2Ted Ginn
40%
CowboysWR1Allen Hurns
39%
DolphinsWR1Kenny Stills
37%
WR2Taylor Gabriel
36%
PanthersWR1Devin Funchess
35%
JaguarsWR1Keelan Cole
30%
WR2Ryan Grant
24%
WR2Antonio Callaway
22%
RedskinsWR1Josh Doctson
22%
WR2Phillip Dorsett
20%
WR2Paul Richardson
18%
WR2Taywan Taylor
18%
WR2Donte Moncrief
17%
WR2Terrelle Pryor
13%
WR2DeAndre Carter
9%
WR2Jarius Wright
7%
WR2Bruce Ellington
4%

Score Distribution

Percentile by Number Answered

Percent of People with Each Score

Your Score History

You have not taken this quiz